Statistics for Anime Quotes

Click here to take the quiz!

General Stats

  • This quiz has been taken 298 times
  • The average score is 8 of 36

Answer Stats

QuotesAnime% Correct
"Prepare for Trouble! Make it Double! To protect the world from devastation! To unite all peoples within our nation..."-Hopeless pairPokemon
88%
"I left it all in... One Piece."-The answer is One Piece. Trust me.One Piece
63%
"See you space cowboy."-ClassicCowboy BeBop
59%
"Yo! I'm a mad scientist! Itzsocool! Sonofabitch!"-Actual subtitle from the anime.Steins;Gate
41%
"Me too. At first I thought the same thing. I cried alone every single night. It felt like that every day that passed here. Stole another piece of my real life away. After I cried, I'd go and fight as hard as I could. My only thought was of winning. Moving forward and getting stronger. But then, I saw someone napping in the shade, at the plaza. It made me so mad. I told him to stop wasting his time. And he replied that is was Aincrad's best season. And its best weather setting too. So entering a dungeon would be a waste of time. Then I tried laying down as well. And I slept like a baby. When I awoke, it was evening, and he looked a bit annoyed. But as we partied up together... Even in a world like this, he was really living. He wasn't losing a day in the real world. He was gaining a day here. The one who taught me that... was..."-Surprisingly not a bad characterSword Art Online
37%
"Kiss me darling"-...Darling in the Franxx
36%
"Your basketball can never win"-Please get this one. You don't even need to think.Kuroko's Basketball
36%
"You showed me... how to live with purpose. Thank you. And you... You wrapped this scarf around me. Thank you."-Dumbest quote ever.Attack on Titan
35%
"You are already dead."-Again ClassicFist of the North Star
32%
"OBJECTION YOUR HONOR!"-It's a good video game.Ace Attorney
30%
“All the hatred in the world is gathered on me, as promised. So, all you have to do is to erase my existence, and put an end to this chain of hatred. The Black Knights will have the legend of Zero left behind for them. Schneizel will work for Zero. And now the world can be unified at one table, not through military force, but through negotiation and talk. Mankind can finally embrace the future.”-Not even you can deny this is a great anime. This is easy since I'm giving you names.Code Geass
29%
"He'll never believe that I made it."-They're talking about coffee.Tokyo Ghoul
28%
"Nico Nico N-"-Never gets to finishLove Live
25%
"I love you. I love you. I love you. I’m sorry we couldn’t eat all those canelés. I’m sorry I hit you so much. I’m sorry I was so selfish. I’m so, so, so, so sorry. Thank you for everything."-Fuck you who say this character is bad.Your Lie In April
22%
"This taste... IS THE TASTE OF A LIAR!"-Weird until he's beaten.JoJo's
21%
"I am the hope of the universe. I am the answer to all living things that cry out for peace. I am protector of the innocent. I am the light in the darkness. I am truth. Ally to good! Nightmare to you!"-The good quote they all say before screaming for 10 episodes.Dragon Ball Z
20%
"People... are not born equal. That's the hard truth I learned at age four. But that... was my first and last setback."-Stupidest name everMy Hero Academia
17%
"There, that ending... was a little better. The frog at the bottom of the well drifts off into the great ocean. Heh heh... yep... pretty damn honorable... pretty damn honorable... I guess it's time to put my pen down..."-Why did he have to die!Naruto
17%
"I don't know who you are. I don't know what you want. If it is a ransom your looking for then I can tell you now, I don't have any money. But what I do have are a particular set of skill. Skills I have acquired over a long career. Skills that make me a monster for people like you. If you let my daughter go, that will be the end of it. I will not search for you. I will not find you. But if you don't... I will look for you... I will find you... and I will kill you."-Not even an animeTaken
17%
"Being weak is nothing to be ashamed of... Staying weak is"-Coolest character ever.Black Clover
14%
"There is only one truth."-Small kid. Big mindDetective Conan
14%
"I've never once thought of you as an ally. Not you. Not Kusida. Not Hirata. All people are nothing but tools. It doesn't matter how it's done. It doesn't matter what needs to be sacrificed. In this world winning is everything. As long as I win in the end...-Didn't see this 180 in personality coming.Classroom of the Elite
11%
"There's no such thing as a painless lesson, they just don't exist. Sacrifices are necessary. You can't gain anything without losing something first. Although if you can endure that pain and walk away from it, you'll find that you now have a heart strong enough to overcome any obstacle."-Actually pretty good life lesson.Fullmetal Alchemist Brotherhood
10%
"I'm Mitty! A future white whistle!"-Kids shouldn't be doing what they're doingMade In Abyss
10%
“If you can’t find a reason to fight, then you shouldn’t be fighting.”-Edgiest anime of it's time.Akame Ga Kill
8%
“Let's see ya grit those teeth!”-Second best brother relationshipGurren Lagann
8%
“They say people can change, but is that really true? If they decide they want to fly, will they grow wings? I don't think so. You don't change yourself. You change How you do things. You have to make your own way. You have to create a way to fly,even while staying the same.”-Quote from the book. I'm sure you know itNo Game No Life
6%
"With my weakest. I will beat your strongest."-Best fights scenes ever.Chivalry of a Failed Knight
5%
"The country? The skies? You can have them. I’m busy just protecting what’s right in front of me. I don’t know what’ll happen to me in the future, but if something has fallen at my feet, then the least I can do is pick it up."-I'm surprised such a good quote came from this anime.Gintama
5%
"Sensi! Sensei Sensi! Sensei Sensi! Sensei Sensi! Sensei Sensi! Sensei Sensi! Sensei Sensi! Sensei Sensi! Sensei Sensi! Sensei Sensi! Sensei Sensi! Sensei Sensi! Sensei Sensi! Sensei!!!!!"-He only wants sensei to notice him. (Not really a quote though)One Punch Man
5%
“Knowing you’re different is only the beginning. If you accept these differences you’ll be able to get past them and grow even closer.”-Wow. Did this quote really come from this anime? I should finish it.Miss Kobayashi's Dragon Maid
4%
"Wait! You went to go see an movie! We can't afford that!"-Happens in the middle of a intense battle.Devil is a Part-Timer
3%
"I've always...always...always... loved you."-This is a rom-com.The Pet Girl of Sakura Hall
2%
"Wait! If you cut off negotiations, it can only lead to war. Accept a truce, and I will listen to whatever you have to say. Let's work toward a compromise!"-This was said to a dating sim.Full Metal Panic
1%
"I will not allow anyone to insult oni-sama's skill."-Weird incest yetIrregulars at Magic High
1%
"Sorry. I definitely can't find happiness anymore... We vowed to be together forever. And that brought me happiness... Thank you so much."-This compute screen can't express the amount of tears I'm holding back.WorldEnd. What Do You Do at the End of the World? Are You Busy? Will You Save Us?
1%

Score Distribution

Percentile by Number Answered

Percent of People with Each Score

Your Score History

You have not taken this quiz